| 000 | 00474cam a22001812a 4500 | ||
|---|---|---|---|
| 001 | 000133 | ||
| 003 | AR-FADEU | ||
| 008 | 311216n1997####xxu####################dd | ||
| 092 |
_aIN312.92) _bI38hog _eINDEC |
||
| 260 | _bINDEC | ||
| 260 | _aBuenos Aires | ||
| 260 | _c1997 | ||
| 245 | _aHogares particulares con menores : perfil sociodemográfico | ||
| 020 | _a950-896-113-9 | ||
| 650 | _aEstadísticas-demográficas sociales | ||
| 440 |
_aestudios _n27 |
||
| 942 | _cINDEC | ||
| 999 |
_c792 _d792 |
||